00609nam a2200205Ia 450000500170000000800410001702000140005804000190007204100120009108200160010324500670011925000120018626000420019830000200024044000320026050400500029265000220034265100280036485000110039220231016095127.0131103s9999 xx 000 0 und d a809444046 aLoreto College aEnglish a770.28bTRA aTravel Photographycedited by the editors of Time - Life Books arev.ed. aAlexandriabTime - Life Bookscc 1982 a224 p.b illus. aLife Library Of Photography aIncludes bibliographical references and index aTime - Life Books aPhotography - Technique aLCLIB